|
|
|
|
| LEADER |
01029cam a2200265 7i4500 |
| 001 |
0000057924 |
| 005 |
20210310090000.0 |
| 020 |
|
|
|a 9783030517366 (electronic book)
|
| 090 |
0 |
0 |
|a RC766.P85
|b P86 2021
|
| 245 |
0 |
0 |
|a Pulmonary embolism :
|b from acute PE to chronic complications
|c Belinda Rivera-Lebron, Gustavo A. Heresi, editors.
|
| 264 |
|
|
|a Cham:
|b Springer,
|c 2020.
|
| 300 |
|
|
|a 1 online resource (218 pages):
|b illustrations, text file, PDF.
|
| 336 |
|
|
|a text
|2 rdacontent
|
| 337 |
|
|
|a computer
|2 rdamedia
|
| 338 |
|
|
|a online resource
|2 rdacarrier
|
| 490 |
0 |
|
|a Respiratory medicine
|
| 650 |
|
0 |
|a Pulmonary embolism
|
| 650 |
|
0 |
|a Critical care medicine
|
| 655 |
|
0 |
|a Electronic books
|
| 700 |
1 |
|
|a Rivera-Lebron, Belinda
|
| 700 |
1 |
|
|a Heresi, Gustavo A.
|
| 856 |
4 |
2 |
|u http://library.unisel.edu.my/equip-unisel/custom/ebook_catalog/ebook/PulmonaryEmbolismFromAcutePEtoChronicComplications.pdf
|
| 997 |
|
|
|a Health Sciences, Faculty
|
| 998 |
|
|
|a Nursing, Diploma
|
| 999 |
|
|
|a EBO0004217
|b EBOOK
|c EBOOK
|e Electronic resources
|